Estadísticas para Rosco de Pasapalabra #21

Haz click aquí para intentar la prueba.

Estadísticas generales

  • Esta prueba ha sido intentada 171 veces
  • La puntuación promedio es 12 de 25

Estadísticas de respuestas

InicialDefiniciónRespuesta% Correcto
LRopa negra que se usa como signo exterior de pena por el fallecimiento de alguienLuto
95%
IEmplear el dinero o capital en cierta cosaInvertir
92%
HMedida de superficie equivalente a cien áreasHectárea
88%
EMultitud de abejas con su reina, que juntas salen de una colmena para formar otra coloniaEnjambre
86%
BGolpe que se da en el carrillo con la mano abiertaBofetada
82%
AUtensilio para dar aire, con varillas unidas por una banda de papel o tela, que se despliegan en semicírculoAbanico
81%
OSigla de organización no gubernamentalONG
81%
FAlfombrilla que suele ponerse a la entrada de las casas para limpiarse las suelas de los zapatoFelpudo
77%
UParticipio del verbo ultimarUltimado
68%
Contiene la QDocumento que pone fin a la relación laboral entre una empresa y un trabajadorFiniquito
62%
DAparato o instalación para eliminar las impurezas de las aguas potablesDepuradora
55%
TSalsa de color rojo, muy picante, hecha con pimienta y ajíTabasco
52%
MLengua malayopolinesia que se habla en Nueva ZelandaMaorí
41%
Contiene la ÑPlanta cannabácea de cuyos tallos se obtiene una fibra textil con la que se hacen cuerdas y telas de arpilleraCáñamo
39%
CMafia napolitanaCamorra
36%
Contiene la XTren de viajeros que circula de noche y se detiene solamente en las estaciones principales del trayectoExpreso
36%
PSacar el aire u otro fluido en un circuito de un aparato o máquina para su buen funcionamientoPurgar
35%
RPosibilidad de que ocurra una desgracia o un contratiempoRiesgo
33%
JConjunto de los jueces y magistrados de un sistema judicialJudicatura
23%
GCiudad de Francia que es capital del departamento de Isère y acogió los Juegos Olímpicos de Invierno de 1968Grenoble
21%
Contiene la YVariedad de rock que se caracteriza por una ejecución enérgica y un ritmo rápido y repetitivoHeavy
21%
VDilatación permanente de una vena, causada por la acumulación de sangre en su cavidadVariz
19%
ZIr de un lado para otro perdiendo el tiempoZascandilear
12%
SCompartimento de las embarcaciones destinado a custodiar la pólvoraSantabárbara
6%
NApellido artístico del cineasta que dirigió la película 'El creador de monstruos'Newfield
2%

Distribución de puntuación

Porcentaje por número respondido

Porcentaje de gente con cada puntuación

Historial de tus puntuaciones

No has intentado esta prueba.